1435 1500 1212 1140 1357 1417 1591 1181 1199 1097 1326 1313 1002 1188 1136 1489 1490 1818 1870 1937 1151 1428 1587 1836 1481 1625 1706 1183 1081 1331 1312 1790 1810 1504 1565 1907 1795 1458 1945 1167 1227 1232 1731 1642 1787 1031 1794 1901 1428 1282 1846 1709 1524 1021 1461 1894 1981 1622 1541 1524 1237 1427 1376 1634 1733 1796 1104 1219 1672 1096 1428 1822 1116 1119 1707 1986 1198 1975 1741 1378 1525 1052 1679 1258 1511 1483 1345 1347 1748 1120 1109 1399 1519 1882 1984 1733 1433 1137 1057 BCNSPRNW ULIB Ver.6.0+V

เปลี่ยนเป็นภาษาไทย

Change to English
 แสดงรายละเอียดบรรณานุกรม
  กลับหน้าหลัก

Brief Record : Get Marc (ISO 2709) : E-mail record : QR code < ปิดหน้าต่าง
LEADER : 00000nam 2200000uu 4500
001    13399114432
003     ULIB
008    110627s||||||||th 000 0 tha d
020    974319497
098    นว.^bม162ต
100 0  มนันยา
245 00 ตกโลงปลงใจ/^cมนันยา
250    พิมพ์ครั้งที่ 1
260    กรุงเทพฯ :^bสามสี,^c2544
300    254 หน้า
710 1  สามสี
945    ^p100^l0^i031542
995    ทศพร
999 ^a ใช้งานได้ทุกระบบ
รายการนี้ยังไม่มีแท็ก
คุณยังไม่ได้ล็อกอิน คุณสามารถมีกิจกรรมร่วมกับเว็บไซต์ได้ แต่ต้องล็อกอินก่อน ::
  ล็อกอิน

รายการสื่อสารสนเทศ

ลำดับที่ ประเภท เลขเรียก/บาร์โค้ด สถานที่ สถานะ
1. นวนิยาย
นวนิยาย
 ฉ.1 
  Barcode: 031542
ห้องสมุดวิทยาเขตสวรรค์ประชารักษ์
►นวนิยาย
บนชั้น
  ขอยืม

รายการใกล้เคียง
    ผู้แต่ง [มนันยา]

BibComment


ยังไม่เคยถูกคอมเมนท์

คอมเมนท์ทรัพยากรรายการนี้
  คอมเมนท์: ตกโลงปลงใจ มนันยา


 Copyright 2026. Bcnsprnw @Library